| 000 | 02310cam a2200577 4500 | ||
|---|---|---|---|
| 001 | 21435 | ||
| 003 | VRT | ||
| 005 | 20260302110720.0 | ||
| 008 | 200507s2019 xo af ar 000 j slo | ||
| 015 | _aSNBA2020/01 | ||
| 020 |
_a9788055168685 _q(viazané) |
||
| 035 | _aurn:nbn:sk:snk-am00dxi0 | ||
| 035 | _aurn:nbn:sk:snk-am3i8lh | ||
| 035 | _a161F7DF1-EF2F-4154-B9B5-AC49BA29699E | ||
| 039 | 9 |
_a202207041317 _bmsnk167 _c202207041310 _dmsnk167 _c202005070819 _dVLOAD _c202001291331 _dAUTHORITY |
|
| 040 |
_aTTKJF _bslo _cTTKJF _dSNK _erda |
||
| 041 | 1 |
_aslo _hger |
|
| 044 |
_axo _cSK |
||
| 072 | 7 |
_a821.112.2-3 _xNemecká próza, nemecky písaná _2konspekt |
|
| 072 | 7 |
_a82-93 _xLiteratúra pre deti a mládež (beletria) _2konspekt |
|
| 080 |
_a821.112.2-34 _22011 |
||
| 080 |
_a82-93-053.4/.5 _22011 |
||
| 100 | 1 |
_aAmft, Diana, _d1975- _4aut |
|
| 240 | 1 | 4 |
_aDie kleine Spinne Widerlich. Das Geschwisterchen _lSlovensky |
| 245 | 1 | 0 |
_aPavúčik Zlatúšik _pMalá sestrička _cDiana Amftová ; ilustrovala Martina Matosová ; preložila Jana H. Hoffstädter |
| 246 | 3 | 0 | _aMalá sestrička |
| 246 | 1 |
_iSéria: _aPavúčik zlatúšik |
|
| 250 | _aPrvé vydanie | ||
| 264 | 1 |
_aBratislava _bIkar, a.s. - Stonožka _c2019 |
|
| 300 |
_a24 nečíslovaných strán _bfarebné ilustrácie, farebné ilustrované listy _c24 cm |
||
| 336 |
_atext _btxt _2rdacontent |
||
| 336 |
_astatický obraz _bsti _2rdacontent |
||
| 337 |
_abez média _bn _2rdamedia |
||
| 338 |
_azväzok _bnc _2rdacarrier |
||
| 500 | _aPreložené z nemčiny | ||
| 500 | _aObsahuje biografické údaje o autorke a ilustrátorke | ||
| 521 | 8 | _aPre deti od 3 rokov | |
| 655 | 7 |
_anemecké rozprávky _2SNKPH |
|
| 655 | 7 |
_aliteratúra pre deti _2SNKPH |
|
| 655 | 7 |
_aGerman fairy tales _2SNKPHeng |
|
| 655 | 7 |
_aChildren's literature _2SNKPHeng |
|
| 700 | 1 |
_aMatos, Martina, _d1978- _4ill |
|
| 700 | 1 |
_aHoffstädter, Jana H., _d1980- _4trl |
|
| 787 | 0 | 8 |
_iZo série: _tPavúčik Zlatúšik _g4 |
| 942 |
_2ddc _cKLDE _n0 |
||
| 949 |
_6273K0652436 _asvkpoB 109167 _bsvkpo643321 |
||
| 949 |
_6270001000576311 _asvkbbB 60940 _bsvkbbm 786998 |
||
| 949 |
_62889351067 _asavukPV 29278 _bsavuk2019/4303 |
||
| 949 |
_617A1413274 _asnkSC 187291 _bsnk2019/32600 _o2203/2019 _s6100:20200203 |
||
| 949 |
_617A1413275 _asnkSC 187291 D1 _bsnk2019/32601 _o2203/2019 |
||
| 999 |
_c21435 _d21435 |
||